L'Herència d'un blanenc [Enregistrament de vídeo]
Descripción Física:
1 videocasset (VHS) 60 min
Otros Autores:
Servei Meteorològic de Catalunya
MARC
| LEADER | 00000nam a2200000Ia 4500 | ||
|---|---|---|---|
| 001 | 20895 | ||
| 008 | 160829s2003 xx 000 0 cat d | ||
| 080 | |a VID-16 | ||
| 245 | |a L'Herència d'un blanenc [Enregistrament de vídeo] | ||
| 260 | |a [s.l. : |b s.n.], |c 2003 | ||
| 300 | |a 1 videocasset (VHS) 60 min | ||
| 590 | |a L'enregistrament s'ha localitzat a Internet: http://www.youtube.com/watch?v=_l_WSQ6dS6g i http://www.youtube.com/watch?v=l9lwkZlOBgY | ||
| 650 | |a Girbau, Josep |x Biografia |9 49145 | ||
| 650 | |a Fotògrafs |x Blanes |x Biografia |9 49146 | ||
| 700 | |a Servei Meteorològic de Catalunya |9 35488 | ||
| 710 | 2 | |a Catalunya. |b Mancomunitat |9 53015 | |
| 901 | |a Arxiu | ||
| 942 | |n 1 | ||
| 952 | |0 0 |1 0 |4 0 |6 VID16 |7 1 |9 55116 |a Arxiu |b Arxiu |d 2016-12-01 |l 0 |o VID-16 |p 20895 |r 2016-12-01 00:00:00 |w 2016-12-01 |y ARXIU | ||
| 999 | |c 58988 |d 58988 | ||